| 000 | 005250000a22001690004500 | ||
|---|---|---|---|
| 090 |
_aAR _b00010 |
||
| 245 | 1 | 0 | _aDeclaración de Río y principios relativos a los bosques |
| 650 | 1 | 4 |
_aCumbres ambientales _992742 |
| 650 | 1 | 4 |
_aPolíticas ambientales _95366 |
| 650 | 1 | 4 |
_aConvenios _992775 |
| 650 | 1 | 4 |
_aBosques _992270 |
| 650 | 1 | 4 |
_aCumbre de Río _992776 |
| 041 | 0 | _aEspañol | |
| 110 | 1 |
_aNaciones Unidas sobre el Medio Ambiente y el Desarrollo _992774 |
|
| 942 | _cARTICULO | ||
| 773 | 1 |
_tCumbre para la Tierra _36 _q1-10 _d1992 |
|
| 999 |
_c9113 _d9113 |
||